000 00905nam a2200265Ia 4500
003 OSt
005 20220930072804.0
006 a|||||r|||| 00| 0
007 ta
008 220926b |||||||| |||| 00| 0 eng d
024 _a24948
037 _cTheses
040 _aCRL
_cCRL
_beng
041 _2eng
_aeng
100 _aVerma Karttikaye
_9530441
110 _aUniversity of Delhi. Faculty of Medical Sciences. Department of Orthopaedics
_9519703
245 0 _aRepositioning osteotomy in the treatment of old fracture of femoral neck in the age group of 20-60 years
260 _c1998
300 _a49p.
_ap.
_ccm.
650 _aORTHOPEDICS
_9519704
700 _a Dr Manoj Kumar Supervisor
_9530442
700 _aUniversity of Delhi. Faculty of Medical Sciences. Department of Orthopaedics
_9519706
942 _cDIS
_2CC
999 _c864321
_d864321